| 000 | 00584nam a22002177a 4500 | ||
|---|---|---|---|
| 005 | 20170124110041.0 | ||
| 010 | _a794088 | ||
| 020 |
_c00.00 _a0091229405 |
||
| 035 | _a794088 | ||
| 037 | _bCen Lib/Ret | ||
| 040 |
_aDPL _bEN |
||
| 082 |
_a881 _bBLA |
||
| 100 |
_aBlackburn, Thomas _923812 |
||
| 245 |
_aSelected poems / _cby Thomas Blackburn |
||
| 260 |
_bHutchinson & Co.Ltd _c1975 _aLondon |
||
| 270 | _a3, Fitzroy Square | ||
| 300 |
_a88p. _c22cm(Hb) |
||
| 650 |
_aIndian poems. _923813 |
||
| 650 |
_aEnglish poetry. _983164 |
||
| 942 |
_2ddc _cEN _h881 _mBLA |
||
| 999 |
_c128577 _d128577 |
||